| 000 | 00602nam a22002417a 4500 | ||
|---|---|---|---|
| 003 | OSt | ||
| 005 | 20140310184301.0 | ||
| 008 | 121109t xxu||||| |||| 00| 0 eng d | ||
| 020 | _a0439751055 | ||
| 050 |
_aPN 6084 _b.L695 2006 |
||
| 100 |
_aLiberatore, Theresa _923018 |
||
| 245 |
_aSeeds of Peace / _cTheresa Liberatore. |
||
| 260 |
_aNew York : _bScholastic Inc., _c2006. |
||
| 300 |
_a16 p. : _bcol. ill. ; _c23 cm. |
||
| 521 | _aG2 | ||
| 526 | _c430 | ||
| 942 |
_2lcc _cBK-SCHOLAS |
||
| 999 |
_c33450 _d33450 |
||